00620 2200217 4500001002100000005001500021035002000036245012100056100002000177250000600197300003300203700002400236260003100260082000800291084001400299020001800313650002000331990001700351990001700368990001700385INLIS00000000000037720181012111115 a0010-10180000671 aEmpat K ( Kecil-Kecil Kompak dan Kreatif ). :bJilid 1 Kampung Satwa /cDrajat Suratman; Editor, Eko Marsudion, S.Pd0 aDrajat Suratman a- a16 hlm. :bilus. ;c27,5 cm.0 aEko Marsudion, S.Pd aBogor :bYudhistira,c2004 a813 a813 DRA e a979-746-291-9 aFiksi Indonesia a01473/P/2018 a01474/P/2018 a01475/P/2018